000 00599nam a22001937a 4500
999 _c7551
_d7551
003 AR-CdUCM
008 190320b ||||| |||| 00| 0 spa d
040 _aMUNICIPALIDAD PROVINCIAL DEL CUSCO
_cBIBLIOTECA MUNICIPAL DEL CUSCO
082 _a770.98 /
_bC33
100 _aCastelao
_921320
245 _aGalicia Mártir /
260 _aMadrid :
_bEdiciones Españolas,
_c1927.
300 _bilustraciones,
_c32 cm.
500 _aDonación de la familia Nieto. No cuenta con numeración impresa
650 _aPintura
_93081
650 _aCrítica social
_921321
942 _2ddc
_cLIBROS
945 _araen